Wszystkie przystanki linii autobusowej 911 Wrocław - Statystyki

Ogólne statystyki
  • Ten quiz został rozwiązany 10 razy
    7 od ostatniego zresetowania
  • Średni wynik to 24 z 32
Statystyki odpowiedzi
Hint Odpowiedź % Poprawnych
Brucknera
100%
Centrum Handlowe Korona
100%
na życzenie, tylko w stronę PG Centrum Handlowe Korona
100%
Kochanowskiego
100%
na życzenie Mroźna
100%
Plac Grunwaldzki
100%
Psie Pole
100%
Psie Pole Rondo Lotników Polskich
100%
na życzenie Śniadeckich
100%
Szewczenki
100%
na życzenie Wilczyce
100%
na życzenie Zacisze
100%
Zgorzelisko
100%
Bielawa
83%
na życzenie Gorlicka
83%
Kwidzyńska
83%
na życzenie Mulicka
83%
Piecowice
83%
Wilczyce Szkoła
83%
na życzenie Kurlandzka
67%
na życzenie Palacha
67%
na życzenie Kiełczów Akacjowa
50%
na życzenie Kiełczów Cmentarz
50%
na życzenie Kiełczów Osiedle
50%
Kiełczów Pętla Wrocławska
50%
na życzenie Kiełczów Zgodna
50%
na życzenie Wilczyce Dworska
50%
na życzenie WIlczyce Wrocławska (na wysokości numeru 1F)
50%
Kiełczów Pętla Plac Jana Gdaka
33%
Wilczyce Borowa
33%
na życzenie Wilczyce Dębowa
33%
na życzenie Wilczyce Sosnowa
33%
Nie znaleziono quizów pasujących do podanych kryteriów
Rozkład punktacji
Procent ludzi z każdym wynikiem
Percentyl według liczby udzielonych odpowiedzi
Twoja historia wyników
Nie rozwiązałeś tego quizu od ostatniego zresetowania